Civil szervezetek (lehetséges) szerepe a közoktatásban
Elmentve itt :
| Szerző: | |
|---|---|
| Testületi szerző: | |
| Dokumentumtípus: | Könyv része |
| Megjelent: |
2007
|
| Sorozat: | Belvedere Meridionale kiskönyvtár
18 Európai oktatás és kisebbségi identitás a Duna-Körös-Maros-Tisza Eurorégióban 18 |
| Kulcsszavak: | Oktatásügy - Magyarország - 21. sz. |
| Tárgyszavak: | |
| Online Access: | http://acta.bibl.u-szeged.hu/5513 |
| LEADER | 00973naa a2200241 i 4500 | ||
|---|---|---|---|
| 001 | acta5513 | ||
| 005 | 20211202104216.0 | ||
| 008 | 161015s2007 hu o 0|| hun d | ||
| 022 | |a 1217-3495 | ||
| 040 | |a SZTE Egyetemi Kiadványok Repozitórium |b hun | ||
| 041 | |a hun | ||
| 100 | 1 | |a Pálfi Sándor | |
| 245 | 1 | 0 | |a Civil szervezetek (lehetséges) szerepe a közoktatásban |h [elektronikus dokumentum] / |c Pálfi Sándor |
| 260 | |c 2007 | ||
| 300 | |a 99-105 | ||
| 490 | 0 | |a Belvedere Meridionale kiskönyvtár |v 18 | |
| 490 | 0 | |a Európai oktatás és kisebbségi identitás a Duna-Körös-Maros-Tisza Eurorégióban |v 18 | |
| 650 | 4 | |a Társadalomtudományok | |
| 650 | 4 | |a Oktatástudomány | |
| 650 | 4 | |a Szociológia | |
| 695 | |a Oktatásügy - Magyarország - 21. sz. | ||
| 710 | |a Európai oktatás és kisebbségi identitás a Duna-Körös-Maros-Tisza Eurorégióban (2007) (Szeged) | ||
| 856 | 4 | 0 | |u http://acta.bibl.u-szeged.hu/5513/1/belvedere_kk_018_099-105.pdf |z Dokumentum-elérés |